| Tag |
First Indicator |
Second Indicator |
Subfields |
| LEADER |
00000cam a2200000 4500 |
| 001 |
in00000489421 |
| 005 |
20151013054111.0 |
| 008 |
720320s1972 caua b 00110 eng |
| 010 |
|
|
|a 71134225
|
| 020 |
|
|
|a 0870151908
|c $7.95
|
| 035 |
|
|
|a (OCoLC)00281214
|
| 035 |
|
|
|9 ACC1471AM
|
| 040 |
|
|
|a DLC
|c DLC
|d TXA
|d UtOrBLW
|
| 043 |
|
|
|a n-us---
|
| 049 |
|
|
|a TXAM
|c [1552058]
|
| 050 |
0 |
0 |
|a LB1715
|b .G24
|
| 082 |
0 |
|
|a 371.1/007/2073
|
| 100 |
1 |
|
|a Gage, N. L.
|q (Nathaniel Lees),
|d 1917-2008.
|
| 245 |
1 |
0 |
|a Teacher effectiveness and teacher education ;
|b the search for a scientific basis /
|c by N. L. Gage.
|
| 264 |
|
1 |
|a Palo Alto, Calif. :
|b Pacific Books,
|c [1972]
|
| 264 |
|
4 |
|c [©1972]
|
| 300 |
|
|
|a 226 pages :
|b illustrations ;
|c 24 cm.
|
| 336 |
|
|
|a text
|b txt
|2 rdacontent
|
| 337 |
|
|
|a unmediated
|b n
|2 rdamedia
|
| 338 |
|
|
|a volume
|b nc
|2 rdacarrier
|
| 504 |
|
|
|a Bibliography: pages [207]-220.
|
| 650 |
|
0 |
|a Teachers
|x Training of
|z United States.
|
| 650 |
|
0 |
|a Education
|x Research
|z United States.
|
| 999 |
|
|
|a MARS
|
| 999 |
f |
f |
|s a1eecf22-7e5f-3169-8c8e-ea1d9d01e419
|i 62271ef8-eb36-3777-af65-07cf277414bb
|t 0
|
| 952 |
f |
f |
|p normal
|a Texas A&M University
|b College Station
|c Sterling C. Evans Library
|d Evans: Library Stacks
|t 0
|e LB1715 .G24
|h Library of Congress classification
|i unmediated -- volume
|m A14803273405
|
| 998 |
f |
f |
|a LB1715 .G24
|t 0
|l Evans: Library Stacks
|